[Event "CZE-chT2e 0607"]
[Site "Czech Republic"]
[Date "2006.12.03"]
[Round "4.6"]
[White "Botur, Michal"]
[Black "Lacko, Jan"]
[Result "1/2-1/2"]
[WhiteElo "2029"]
[BlackElo "2200"]
[PlyCount "108"]
[EventDate "2006.10.15"]
[EventType "team-tourn"]
[EventRounds "11"]
[EventCountry "CZE"]
[SourceTitle "EXT 2009"]
[Source "ChessBase"]
[SourceDate "2008.11.26"]
[SourceVersion "1"]
[SourceVersionDate "2008.11.26"]
[SourceQuality "1"]

1. Nf3 Nf6 2. c4 g6 3. b3 Bg7 4. Bb2 0-0 5. g3 d6 6. Bg2 Nbd7 7. 0-0 c6 8. d3 Re8 9. Nbd2 e5 10. Rc1 a5 11. Rc2 Qb6 12. d4 e4 13. Ng5 d5 14. c5 Qc7 15. e3 h6 16. Nh3 Nf8 17. Bc3 Bg4 18. Qe1 Qd7 19. Nf4 g5 20. Ne2 Ng6 21. Kh1 Bh3 22. a4 Qg4 23. Bxh3 Qxh3 24. Ng1 Qh5 25. Qe2 g4 26. Ra1 Nh7 27. Rb2 Ng5 28. Qe1 Nf8 29. b4 Nfe6 30. bxa5 Nxc5 31. Ne2 Nd3 32. Nf4 Nxf4 33. gxf4 Nf3 34. Nxf3 gxf3 35. Qd2 Re6 36. Rbb1 Rd8 37. Rg1 Rg6 38. Qb2 Rd7 39. Qb6 Rg2 40. Rxg2 fxg2+ 41. Kg1 Qe2 42. Rb1 Bf6 43. Qb2 Qf3 44. a6 bxa6 45. Qb8+ Rd8 46. Qc7 Bh4 47. Be1 Qe2 48. Kxg2 Kh8 49. Rb8 Rxb8 50. Qxb8+ Kg7 51. Qc8 Qf3+ 52. Kf1 Qh1+ 53. Ke2 Qf3+ 54. Kf1 Qh1+ 1/2-1/2

[Event "CZE-chT2e 0506"]
[Site "Czech Republic"]
[Date "2006.03.26"]
[Round "10.3"]
[White "Botur, Michal"]
[Black "Stradej, Vlastimil"]
[Result "1-0"]
[WhiteElo "2029"]
[BlackElo "2169"]
[PlyCount "45"]
[EventDate "2005.10.16"]
[EventType "team-tourn"]
[EventRounds "11"]
[EventCountry "CZE"]
[SourceTitle "EXT 2008"]
[Source "ChessBase"]
[SourceDate "2007.11.25"]
[SourceVersion "1"]
[SourceVersionDate "2007.11.25"]
[SourceQuality "1"]

1. Nf3 d5 2. c4 c6 3. b3 Nf6 4. Bb2 Bf5 5. g3 e6 6. Bg2 Nbd7 7. 0-0 Bd6 8. d3 0-0 9. Re1 h6 10. e4 Bb4 11. exf5 Bxe1 12. Nxe1 exf5 13. cxd5 Nxd5 14. Nf3 f4 15. Nbd2 fxg3 16. hxg3 N7b6 17. Nh4 Qd7 18. Qh5 Rfe8 19. Nf5 f6 20. Qg6 Kh8 21. Be4 Rxe4 22. dxe4 Ne7 23. Qxg7# 1-0

[Event "Cartak U18"]
[Site "Cartak"]
[Date "2005.06.??"]
[Round "4"]
[White "Klecker, Tadeas"]
[Black "Botur, Michal"]
[Result "0-1"]
[WhiteElo "1833"]
[BlackElo "2069"]
[PlyCount "54"]
[EventDate "2005.06.18"]
[EventType "tourn"]
[EventRounds "9"]
[EventCountry "CZE"]
[SourceTitle "EXT 2006"]
[Source "ChessBase"]
[SourceDate "2005.11.24"]
[SourceVersion "1"]
[SourceVersionDate "2005.11.24"]
[SourceQuality "1"]

1. e4 d5 2. exd5 Nf6 3. Nc3 Nxd5 4. Nxd5 Qxd5 5. Nf3 e5 6. d3 Bc5 7. Be3 Bg4 8. Bxc5 Qxc5 9. Qd2 Nc6 10. Be2 0-0-0 11. h3 Bf5 12. g4 Bg6 13. Nh4 Nb4 14. Nxg6 hxg6 15. Kf1 Nxc2 16. Rc1 Qd5 17. Rh2 Nd4 18. Qc3 c6 19. Qc4 Nxe2 20. Kxe2 f5 21. gxf5 gxf5 22. f3 Qd6 23. Rhh1 e4 24. fxe4 fxe4 25. Rcd1 exd3+ 26. Rxd3 Qe5+ 27. Kd1 Rxd3+ 0-1

[Event "Cartak U18"]
[Site "Cartak"]
[Date "2003.11.14"]
[Round "5"]
[White "Konstacky, Matej"]
[Black "Botur, Michal"]
[Result "0-1"]
[WhiteElo "1952"]
[BlackElo "1935"]
[PlyCount "81"]
[EventDate "2003.11.10"]
[EventType "swiss"]
[EventRounds "9"]
[EventCountry "CZE"]
[SourceTitle "CBM 097 Extra"]
[Source "ChessBase"]
[SourceDate "2004.01.13"]
[SourceVersion "1"]
[SourceVersionDate "2004.01.13"]
[SourceQuality "1"]

1. e4 d5 2. exd5 Nf6 3. c4 e6 4. d4 exd5 5. Nc3 Be6 6. Qb3 Nc6 7. Be3 Bb4 8. Nf3 0-0 9. Bd3 dxc4 10. Bxc4 Bxc3+ 11. Qxc3 Bxc4 12. Qxc4 Qd5 13. b3 Qa5+ 14. Nd2 Nd5 15. Qc5 Qxc5 16. dxc5 Nxe3 17. fxe3 Rfe8 18. Nc4 Nb4 19. Ke2 Nd5 20. Rhf1 Re7 21. Rf5 Rd8 22. Rc1 g6 23. Rf3 f5 24. Kf2 Nf6 25. b4 Ng4+ 26. Kg3 Ne5 27. Nxe5 Rxe5 28. Rc4 a5 29. a3 Ra8 30. Rd4 axb4 31. axb4 b6 32. cxb6 cxb6 33. Kf4 Rb5 34. e4 fxe4 35. Kxe4 Ra2 36. Rd8+ Kg7 37. Rd7+ Kh6 38. Rh3+ Kg5 39. Rg3+ Kf6 40. Rxh7 Rxb4+ 41. Kd5 0-1

[Event "Cartak U18"]
[Site "Cartak"]
[Date "2003.11.11"]
[Round "1"]
[White "Havlik, Jan"]
[Black "Botur, Michal"]
[Result "1-0"]
[WhiteElo "2028"]
[BlackElo "1935"]
[PlyCount "59"]
[EventDate "2003.11.10"]
[EventType "swiss"]
[EventRounds "9"]
[EventCountry "CZE"]
[SourceTitle "CBM 097 Extra"]
[Source "ChessBase"]
[SourceDate "2004.01.13"]
[SourceVersion "1"]
[SourceVersionDate "2004.01.13"]
[SourceQuality "1"]

1. e4 d5 2. exd5 Nf6 3. d4 Nxd5 4. c4 Nb6 5. Nc3 e5 6. d5 g6 7. Nf3 Bg4 8. Be3 Bg7 9. Be2 Bxf3 10. Bxf3 0-0 11. c5 Nc4 12. 0-0 Nxe3 13. fxe3 Nd7 14. c6 bxc6 15. dxc6 Nb6 16. Qb3 Qd3 17. Nd5 Qxb3 18. axb3 Nxd5 19. Bxd5 Bh6 20. Kf2 Kg7 21. Ke2 Bg5 22. Ra5 Be7 23. Rfa1 Bb4 24. Rxa7 Rxa7 25. Rxa7 Rc8 26. Rb7 Ba5 27. b4 Bb6 28. e4 f5 29. Be6 Re8 30. Bd7 1-0